Analýza príjmovej situácie domácností Slovenskej republiky v roku 1992 a v roku 1996 (na základe výsledkov mikrocenzov)
Analýza komplexu čistých peňažných príjmov domácností Slovenskej republiky. Zmeny v štruktúre zastúpenia domácností SR podľa základných sociálno-demografických charakteristík v rokoch 1992-1996. Základné charakteristiky diferenciácie príjmov. Diferenciácia domácností podľa rôznych úrovní príjmov.
Salvato in:
| Autore principale: | |
|---|---|
| Altri autori: | |
| Natura: | Capitolo di libro |
| Lingua: | slovacco |
| Soggetti: | |
| Tags: |
Nessun Tag, puoi essere il primo ad aggiungerne!!
|
MARC
| LEADER | 00000naa a2200000 4500 | ||
|---|---|---|---|
| 001 | r033263 | ||
| 005 | 20230807092247.4 | ||
| 041 | 0 | |a slo | |
| 044 | |a SK | ||
| 245 | 1 | 0 | |a Analýza príjmovej situácie domácností Slovenskej republiky v roku 1992 a v roku 1996 (na základe výsledkov mikrocenzov) |c Jana Filipová, Silvia Valná |
| 520 | |a Analýza komplexu čistých peňažných príjmov domácností Slovenskej republiky. Zmeny v štruktúre zastúpenia domácností SR podľa základných sociálno-demografických charakteristík v rokoch 1992-1996. Základné charakteristiky diferenciácie príjmov. Diferenciácia domácností podľa rôznych úrovní príjmov. | ||
| 610 | 2 | 0 | |a úroveň životná |
| 610 | 2 | 0 | |a príjmy rodinné |
| 610 | 2 | 0 | |a domácnosti |
| 610 | 2 | 0 | |a minimum existenčné |
| 610 | 2 | 0 | |a Slovensko |
| 610 | 2 | 0 | |a štatistika |
| 610 | 2 | 0 | |a 1992 |
| 610 | 2 | 0 | |a 1998 |
| 100 | 1 | |a Filipová, Jana | |
| 700 | 1 | |a Valná, Silvia | |